000 00491 a2200157 4500
999 _c26280
_d26280
020 _a9788131610220
082 _a305.8014
_bTRI-
245 _aTribal Language, Literature and Folklore
_b: emerging approaches in tribal studies
260 _bRawat Publications
_c2019
_aNew Delhi
300 _aix,293p
504 _aInclude Index
546 _a
650 _aSocial Groups
_vTribes
_vScheduled tribes
_vLanguage
_vLiterature
_zNorth East
_zIndia
700 _aBehera, M.C.
942 _2ddc
_cBK